000 00577nam a2200205 a 4500
001 18923
003 CO-ViMGA
008 141112s2004 ck r 000 u spa d
020 _a8475093493
040 _aCO-ViMGA
_bspa
_cCO-ViMGA
082 0 4 _a291 K474
100 1 _aKirk, G.S.
_927021
245 1 0 _aEl Mito :
_bsu significado y funciones en la Antiguedad y otras culturas
260 _aBarcelona :
_bPaidos; 1985
300 _a310 p.
490 _aPaidos Básica; 24
590 _aForma de adquisición : Premio Mincultura
650 1 4 _aMITOLOGIA
_94324
942 _2ddc
_cBK
999 _c28116
_d28116